000 01347cam a22003974a 4500
001 6360
003 FISKH
005 20250424085208.0
008 051123s2006 maua b 000 0 eng
010 _a 2005056941
020 _a1580893023
020 _a9780545317832
020 _a9781580893022
020 _a9781580893022
040 _aDLC
_cDLC
_dDLC
_beng
050 _aPN6727.O27 T36
082 _a741.5
100 1 _aO'Brien, Anne Sibley.
245 1 4 _aThe legend of Hong Kil Dong, the Robin Hood of Korea /
_cAnne Sibley O'Brien.
260 _aNew York :
_bScholastic,
_c2006.
300 _a40 pages :
_bcolor illustrations ;
_c21 x 27 cm.
500 _aBased on a classic tale from early 17th century Korea.
504 _aIncludes bibliographical references.
505 _aR
520 _aGraphic novel treatment of the life and career Hong Kil Dong, the Korean equivalent of Robin Hood.
521 8 _a680
_bLexile
521 8 _aR
_bRaz-Plus
650 0 _aFolklore
_zKorea
_vComic books, strips, etc.
650 1 _aFolklore
_zKorea
_vCartoons and comics.
650 1 _aCartoons and comics.
651 0 _aKorea
_xHistory
_yChosŏn dynasty, 1392-1910
_vComic books, strips, etc.
655 0 _aGraphic novels.
906 _a7
_bcbc
_corignew
_d1
_eocip
_f20
_gy-gencatlg
942 _2ddc
_cBK
_n0
999 _c6360
_d6360